000 00712nam a2200241Ia 4500
003 OSt
005 20230607090228.0
008 210423s2007 xx 000 0 und d
020 _a97800495127093
040 _cAL
041 _aeng
082 _a361.3 SEGI
100 _aSEGAL (Elizabeth A);others
_9120891
245 _aIntroduction to the profession of social work: becoming a change agent
250 _a2
260 _aAustralia
_bThomson Books/Cole
_c2007
300 _axix,514
_bPB
365 _b2500
_cINR
650 _aSocial Problems & Services
_9120892
650 _aSocial Work
_9120893
906 _aagent ; becoming ; change ; Introduction ; profession ; social ; work:
942 _2ddc
_cBK
999 _c176069
_d176069